000 00389nam a22001577a 4500
003 Macl
005 20250711161331.0
008 250711b |||||||| |||| 00| 0 eng d
040 _cMacl
082 _a930
100 _aKumar,Dr.Atimash
_983207
245 _aAshoka In Ancient India
260 _aShahdara ,Delhi
_bApple Books
_c2023
650 _aAncient History
_916402
942 _2ddc
_cBK
999 _c67995
_d67995